Gachiakuta Characters Quiz - Statistics

General Stats
  • This quiz has been taken 546 times
  • The average score is 25 of 42
Answer Stats
Hint Answer % Correct
Main Character Rudo Surebrec
99%
Umbrella Jinki Enjin
90%
Scissors Jinki Riyo Reaper
88%
Assistaff JInki Zanka Nijiku
88%
Foster father of the MC Regto
86%
Enjoys Pain; Utilizes Poisons Jabber Wonger
82%
Watchman Boots user Amo Empool
78%
Team Child; Pacifier jinki Dear Santa
77%
Team Child; Father of latter Bro Santa
75%
Front Desk at Cleaner HQ Semiu Grier
74%
Scars on his body; Thread basedJInki Tamsy Caines
74%
Creates Masks and Uniformsfor the cleaners August Stilza
72%
Team Child; Dinosaur OnesieJinki Guita Fantasia
72%
Spherite; Rudo's crush Chiwa
71%
Cleaners Supporter; Gave the MChis lucky talisman Gris Rubion
71%
Cleaners' Boss Arkha Corvus
70%
Former Supporter; Hammer Jinki Follo Tunito
69%
Only Healing Jinki Eishia Stilza
68%
Raiders' Boss Zodyl Typhon
67%
Former Raider; Doll jinki Fu Orostor/Hii
66%
Current Spellcaster of Canvas town Remlin Tysark
63%
Water hose Jinki; Wears a strawhat Delmon Gates
59%
Manhole Cover jinki Cthoni Andor
58%
Raider; Uses several ProstheticArms Bundus Begalkeit
56%
Raider; Hair comb Jinki; saw thewatchman Noerde Amozo
52%
Raider; Can see memories withher headphones jinki Momoa Rukel
50%
Supporter; Recorder Tomme Mima
50%
Famous Singer; Staff jinki Too Lily
50%
Gigantic creature at the border The Watchman
49%
Real father of the MC Alto Surebrec
45%
Hell Guard; Prodigy Hyo
45%
Hell Guard; Eldest Nijiku Sibling Kyouka Nijiku
45%
Antagonist of Doll festival arc Mymo
45%
Former Spellcaster of Canvas town Gob
44%
Hell Guard; Younger brother ofthe former Goka Nijiku
40%
Always wrapped in a blanket Shikage
40%
Info Broker Kuro
38%
Southern Branch Supporter; Usesa Shotgun Mildretta
37%
Creator of the Chokers; Watchmanseries necklace Gountess Knock
36%
Original user of the Watchman series Canis Surebrec
35%
Team Danger; older Twin Otto Adderoy
33%
Team Danger; younger Twin Epalte Adderoy
31%
No matching quizzes found
Score Distribution
Percent of People with Each Score
Percentile by Number Answered
Your Score History
You have not taken this quiz